000 00813nam a2200217 a 4500
001 000702475
003 AM-YeHGA
005 20250617163246.0
008 091209s1948 ||||||||||||||||||||rus d
040 _aAM-YeHGA
041 0 _arus
100 1 _aРозенгарт-Пупко, Г. Л.
245 1 0 _aРечь и развитие восприятия в раннем возрасте /
_cГ. Л. Розенгарт-Пупко; АМН СССР, Ин-т педиатрии .
260 _aМосква :
_bИзд-во АМН СССР,
_c1948.
300 _a199 с. :
_bил.
650 1 4 _aФизиология
650 1 4 _aПедиатрия
650 1 4 _aГолос. Речь
710 2 _aАкадемия медицинских наук СССР
_bИнститут педиатрии
090 _c507259
999 _c503842
_d503842